Krishipadam / (Record no. 13020)
[ view plain ]
| 000 -LEADER | |
|---|---|
| fixed length control field | 00358cam a2200157ua 4500 |
| 041 ## - LANGUAGE CODE | |
| Language code of text/sound track or separate title | mal |
| 100 ## - MAIN ENTRY--AUTHOR NAME | |
| Personal name | Heli, R . |
| 245 ## - TITLE STATEMENT | |
| Title | Krishipadam / |
| 250 ## - EDITION STATEMENT | |
| Edition statement | 2 / |
| 260 ## - PUBLICATION, DISTRIBUTION, ETC. (IMPRINT) | |
| Place of publication | Trivandrum : |
| Name of publisher | Authentic books , |
| Year of publication | 2006. |
| 300 ## - PHYSICAL DESCRIPTION | |
| Number of Pages | ; |
| Accompanying material | `. |
| 942 ## - ADDED ENTRY ELEMENTS (KOHA) | |
| Koha item type | Books |
| Withdrawn status | Lost status | Damaged status | Home library | Current library | Date acquired | Accession Number | Koha item type |
|---|---|---|---|---|---|---|---|
| KAUAET | KAUAET | 07/04/2012 | 21135 | Books | |||
| KAUAET | KAUAET | 07/04/2012 | 21136 | Books |
